| 000 | 00871nam a22002177a 4500 | ||
|---|---|---|---|
| 003 | LK-CoDNM | ||
| 005 | 20241004102344.0 | ||
| 008 | 241004b |||||||| |||| 00| 0 eng d | ||
| 040 |
_aLK-CoDNM _dLK-CoDNM _eLK-CoDNM |
||
| 041 | _asin | ||
| 080 | _a105A36 | ||
| 100 | _aපූජය්ය මාලේවන විජිත ස්තවිර | ||
| 245 | _aරතනත්තය වන්දනා ගාථා මඤ්ඡරී | ||
| 260 |
_aමුල්ලපිටියේ _bඒ.එන්. ද සිල්වා මැතිණිය |
||
| 300 | _a64p. : 18 cm | ||
| 650 | _aරතනත්තය වන්දනා ගාථා මඤ්ඡරී | ||
| 650 | _a105A36 | ||
| 650 | _aපූජය්ය මාලේවන විජිත ස්තවිර | ||
| 650 | _aඒ.එන්. ද සිල්වා මැතිණිය | ||
| 942 | _cBK | ||
| 999 |
_c217587 _d217587 |
||